| 000 | 00622nam a2200193 a 4500 | ||
|---|---|---|---|
| 001 | 000278307 | ||
| 003 | AM-YeHGA | ||
| 005 | 20250618071827.0 | ||
| 008 | 031030s1955 ua |||||r|||||||||1|arm|d | ||
| 040 | _aAM-YeHGA | ||
| 041 | 0 | _aarm | |
| 100 | 1 |
_aՀամաստեղ, _q(Կելենյան Համբարձում Հովհաննեսի), _d1895-1966 _93439 |
|
| 245 | 1 | 0 |
_aՔաջն Նազար եւ 13 պատմուածքներ / _cՀամաստեղ. |
| 260 |
_aԳահիրէ : _bՅուսաբեր, _c1955. |
||
| 300 | _a376 էջ | ||
| 650 | 1 | 4 | _aԱրևմտահայ գրականություն |
| 942 |
_2udc _cBK |
||
| 090 | _c102944 | ||
| 999 |
_c101626 _d101626 |
||